Największe miasta Polski na literę C - Statystyki

Ogólne statystyki
  • Ten quiz został rozwiązany 29 razy
  • Średni wynik to 7 z 10
Statystyki odpowiedzi
Ludność Województwo Podpowiedź Miasto % Poprawnych
107 807 śląskie Ruch _______ polski klub piłkarski grający w I lidze Chorzów
100%
220 433 śląskie Znane na całym świecie z Jasnej Góry, którą odwiedza miliony pielgrzymów Częstochowa
100%
61 932 lubelskie Największe miasto Polskiego Polesia Chełm
89%
34 424 śląskie Podzielone między Polskę i Czechy Cieszyn
86%
44 138 mazowieckie Znajduje się tam Zamek Książąt Mazowieckich Ciechanów
79%
35 925 śląskie W 2020 roku zlikwidowano tam ostatnią polską czynną fabrykę zapałek, która działała od 1919 roku Czechowice-Dziedzice
68%
39 904 pomorskie Jest nazywane "Bramą Pomorza" Chojnice
64%
36 575 małopolskie Jego nazwa pochodzi od legendarnego założyciela grodu, którego jego nazwę można skojarzyć z rośliną popularną na wielkanocnych stołach Chrzanów
61%
31 405 śląskie Najstarsze miasto w Zagłębiu Dąbrowskim Czeladź
61%
28 134 śląskie Jego popularny zabytek to np. Kościół św. Jerzego Czerwionka-Leszczyny
32%
Nie znaleziono quizów pasujących do podanych kryteriów
Rozkład punktacji
Procent ludzi z każdym wynikiem
Percentyl według liczby udzielonych odpowiedzi
Twoja historia wyników
Nie rozwiązałeś tego quizu